00984nam a2200265Ia 4500001000600000003000900006008004100015040001300056040001300069041001300082100001700095100002900112245008000141245007000221250001100291260001100302260002800313260004900341300005900390500016300449650001900612650003100631700002700662700002900689B6613IT-RoPAU130308s9999 xx 000 0 und d aIT-RoPAU cIT-RoPAU aITALIANO aPiatti Mario gCodice Aut. SPICS: 11071 aProfilo professionale del musicoterapeuta in Italia: riflessioni e proposte bMusicoterapia: Metodi, Tecniche, Formazione in Italia e in Europa a1a ed. aASSISI bPro Civitate Christiana c1991 [1° Ed.:1991 - Ed.Ling.Originale:1991] a"15 p. (prefazione: no ; testo: 15 [pagine: 155-169])" aRiferimenti Alla normativa Vigente. Ambiti di intervento del Musicoterapeuta. profilo Professionale del Musicoterapeuta. Principi per un curriculum Formativo. aSAGGI MUSICALI eCodice materia Spics: 7011 aPostacchini Pier Luigi gCodice Aut. SPICS: 15467